| Tag |
First Indicator |
Second Indicator |
Subfields |
| LEADER |
00000cam a2200000 a 4500 |
| 001 |
in00001566613 |
| 005 |
20151022080407.0 |
| 008 |
991202s2000 oncac b 001 0 eng d |
| 010 |
|
|
|a cn 99933079
|
| 015 |
|
|
|a C99-933079-9
|
| 020 |
|
|
|a 0802044727 (bound) :
|c $80.00
|
| 035 |
|
|
|a (OCoLC)ocm43278534
|
| 040 |
|
|
|a CaOTU
|b eng
|c NLC
|d ORU
|d TXA
|d UtOrBLW
|
| 041 |
1 |
|
|a eng
|a lat
|h lat
|
| 049 |
|
|
|a TXAM
|
| 055 |
0 |
2 |
|a PS8595*
|
| 055 |
|
3 |
|a PA8595 W454
|b A114 2000
|
| 055 |
0 |
0 |
|a PA8595 W454
|b A114 2000
|
| 082 |
0 |
|
|a 871.4
|2 21
|
| 090 |
|
|
|a PA8595.W454
|b A115 2000
|
| 100 |
1 |
|
|a Westonia, Elizabetha Johanna,
|d 1582-1612.
|
| 240 |
1 |
0 |
|a Works.
|f 2000
|
| 245 |
1 |
0 |
|a Collected writings /
|c Elizabeth Jane Weston ; edited and translated by Donald Cheney and Brenda M. Hosington ; with the assistance of D.K. Money.
|
| 264 |
|
1 |
|a Toronto; Buffalo :
|b University of Toronto Press,
|c 2000.
|
| 300 |
|
|
|a xxxi, 448 pages :
|b illustrations, portraits ;
|c 24 cm.
|
| 336 |
|
|
|a text
|b txt
|2 rdacontent
|
| 337 |
|
|
|a unmediated
|b n
|2 rdamedia
|
| 338 |
|
|
|a volume
|b nc
|2 rdacarrier
|
| 504 |
|
|
|a Includes bibliographical references and index.
|
| 546 |
|
|
|a Poems and letters in Latin with translations and introduction in English.
|
| 600 |
1 |
0 |
|a Westonia, Elizabetha Johanna,
|d 1582-1612
|v Correspondence.
|
| 600 |
1 |
0 |
|a Westonia, Elizabetha Johanna,
|d 1582-1612
|v Translations into English.
|
| 650 |
|
0 |
|a Latin poetry, Medieval and modern.
|
| 650 |
|
0 |
|a Latin poetry, Medieval and modern
|v Translations into English.
|
| 650 |
|
0 |
|a Latin letters, Medieval and modern.
|
| 650 |
|
0 |
|a Latin letters, Medieval and modern
|v Translations into English.
|
| 600 |
1 |
6 |
|a Weston, Elizabeth Jane,
|d 1582-1612
|v Correspondance.
|
| 650 |
|
6 |
|a Poésie latine médiévale et moderne.
|
| 650 |
|
6 |
|a Poésie latine médiévale et moderne
|v Traductions anglaises.
|
| 650 |
|
6 |
|a Lettres (Genre littéraire) latines médiévales et modernes.
|
| 650 |
|
6 |
|a Lettres (Genre littéraire) latines médiévales et modernes
|v Traductions anglaises.
|
| 700 |
1 |
|
|a Cheney, Donald,
|d 1932-
|
| 700 |
1 |
|
|a Hosington, Brenda.
|
| 700 |
1 |
|
|a Money, D. K.
|q (David K.)
|
| 994 |
|
|
|a E0
|b TXA
|
| 948 |
|
|
|a cataloged
|b h
|c 2000/10/19
|d c
|e blrosas
|f 4:21:01 pm
|
| 999 |
|
|
|a MARS
|
| 999 |
f |
f |
|s 6e95e3b8-1498-3614-9679-5a7a4c88744a
|i 245325cb-3a70-3d62-a896-db5eb5eae5b6
|t 0
|
| 952 |
f |
f |
|p ric
|a Texas A&M University
|b Rellis Campus
|c Joint Library Facility
|d Remote Storage
|t 0
|e PA8595.W454 A115 2000
|h Library of Congress classification
|i unmediated -- volume
|m A14826890080
|
| 998 |
f |
f |
|a PA8595.W454 A115 2000
|t 0
|l Remote Storage
|